| 000 | 01060nam a22002657a 4500 | ||
|---|---|---|---|
| 003 | BR-ViAPE | ||
| 005 | 20260513163210.0 | ||
| 008 | 260513s2009 porbco|gs|||| 001 0 por d | ||
| 020 | _q978-85-98928-05-0 | ||
| 040 | _cBR-ViAPE | ||
| 245 |
_aPomeranos sob o cruzeiro do sul: _bcolonos alemães no Brasil |
||
| 246 |
_aPommeranos unter dem kreuz des südens: _bdeutsche siedler in Brasilien |
||
| 260 |
_aVitória _bArquivo Público do Estado do Espírito Santo _c2009 |
||
| 300 |
_a226 p. _bil. |
||
| 300 | _bLivro disponível em PDF | ||
| 490 |
_aColeção Canaã _vv. 10 |
||
| 500 | _aObra disponibilizada em PDF por integrar a Coleção Canaã do APEES. | ||
| 650 |
_aColonização _xPomeranos _zEspírito Santo (Brasil) |
||
| 651 | _aEspírito Santo (Brasil) | ||
| 700 |
_aGranzow, Klauz _eautor |
||
| 700 |
_aBraum, Selma _etradutora |
||
| 710 | _aArquivo Público do Estado do Espírito Santo | ||
| 856 |
_uhttps://ape.es.gov.br/Media/ape/PDF/Livros/pomeranos_sob_o_cruzeiro_do_sul.pdf _yCLIQUE AQUI PARA ACESSAR O DOCUMENTO |
||
| 942 |
_2ddc _cBK _n1 |
||
| 999 |
_c659 _d659 |
||